000 00714nam a22002297a 4500
008 131130b xxu||||| |||| 00| 0 eng d
020 _a0-12-328450-3
024 _cAvailable
037 _cAvailable
040 _aMBSTU LIBRARY
_dMBSTU LIBRARY
082 _222
_a592.052632 POL
100 _aEdited by C.H.Hart.
245 _aPollution ecology of fresh water invertebrates.
260 _aNew York
_bAcademic Press.
_c1974
300 _a26 cm.
_b389 page
_f1
_g26 cm.
600 _2Fresh water invertebrates.
650 _2Fresh water invertebrates.
700 _aEdited by C.H.Hart.
270 _aNew York
_bNew York
_dUSA
942 _2ddc
_cBK
999 _c908
_d908